Mujer y torero / (Record no. 197444)

MARC details
000 -LEADER
campo de control de longitud fija 01333nam a2200337 i 4500
001 - NÚMERO DE CONTROL
campo de control 197444
003 - IDENTIFICADOR DE NÚMERO DE CONTROL
campo de control ES-MaACL
005 - FECHA Y HORA DE LA ÚLTIMA TRANSACCIÓN
campo de control 20250821063125.0
008 - DATOS DE LONGITUD FIJA--INFORMACIÓN GENERAL
campo de control de longitud fija 250519b2025 sp ||||| |||| 00| 0 spa d
017 ## - NÚMERO DE COPYRIGHT O DE DEPÓSITO LEGAL
Número de copyright o de depósito legal CO 582-2025
Agencia que asigna Oficina Depósito Legal Córdoba
020 ## - NÚMERO INTERNACIONAL ESTÁNDAR DEL LIBRO
Número Internacional Estándar del Libro 9788412913361
040 ## - FUENTE DE CATALOGACIÓN
Lengua de catalogación spa
Centro/agencia transcriptor ES-MaACL
100 1# - ENTRADA PRINCIPAL--NOMBRE DE PERSONA
Nombre de persona Sánchez, Cristina,
9 (RLIN) 240786
Fechas asociadas al nombre 1971-
Término indicativo de función/relación Autor
245 ## - MENCIÓN DEL TÍTULO
Título Mujer y torero /
Mención de responsabilidad, etc. Cristina Sánchez, con la colaboración de Paco Aguado.
250 ## - MENCION DE EDICION
Mención de edición Primera edición: marzo 2025.
260 ## - PUBLICACIÓN, DISTRIBUCIÓN, ETC.
Lugar de publicación, distribución, etc. Córdoba :
Nombre del editor, distribuidor, etc. El Paseíllo,
Fecha de publicación, distribución, etc. 2025.
264 ## - PRODUCCIÓN, PUBLICACIÓN, DISTRIBUCIÓN, FABRICACIÓN Y COPYRIGHT
Fecha de producción, publicación, distribución, fabricación o copyright ©2025.
300 ## - DESCRIPCIÓN FÍSICA
Extensión 256 páginas ;
Dimensiones 23 cm.
336 ## - TIPO DE CONTENIDO
Fuente rdacontent
Término de tipo de contenido texto
337 ## - TIPO DE MEDIO
Fuente rdamedia
Nombre/término del tipo de medio sin mediación
338 ## - TIPO DE SOPORTE
Fuente rdacarrier
Nombre/término del tipo de soporte volumen
650 #4 - PUNTO DE ACCESO ADICIONAL DE MATERIA--TÉRMINO DE MATERIA
9 (RLIN) 11370
Término de materia o nombre geográfico como elemento de entrada Corridas de toros
650 #4 - PUNTO DE ACCESO ADICIONAL DE MATERIA--TÉRMINO DE MATERIA
9 (RLIN) 17560
Término de materia o nombre geográfico como elemento de entrada Toreros-
Subdivisión geográfica Biografías
700 0# - ENTRADA AGREGADA--NOMBRE PERSONAL
9 (RLIN) 53229
Nombre de persona Gago, Alejandro
Término indicativo de función/relación Corrector
852 ## - LOCALIZACIÓN
Ubicación ES-MaACL
Ubicación en estantería Depósito J
Número de control de estantería N-10486
Anotaciones manuscritas Dedicatoria autógrafa de la autora
Donativo/Legado Donación: Cristina Sánchez
Encuadernación Encuadernación rústica con solapas
itemnumber 206609
903 ## - NOMBRE PERSONAL DE DONANTE
9 175753
a Sánchez-Andrade, Cristina,
d 1968-
e Donante
942 ## - ELEMENTOS DE ENTRADA SECUNDARIOS (KOHA)
Tipo de ítem Koha Libro impreso
Suprimir en OPAC No
Holdings
Estatus retirado Estado de pérdida Fuente del sistema de clasificación o colocación Estado de daño No para préstamo Colección Biblioteca de origen Biblioteca actual Ubicación en estantería Fecha de adquisición Fuente de adquisición Total de préstamos Signatura topográfica completa Código de barras Visto por última vez Precio de reemplazo Tipo de ítem Koha
    Clasificación decimal universal     Libros con dedicatorias Biblioteca del Ateneo de Madrid Biblioteca del Ateneo de Madrid Depósito J 19/08/2025 Donación   N-10486 2025-0985 19/08/2025 19/08/2025 Libro impreso